[Event "GER-ch 79th"]
[Site "Bad Woerishofen "]
[Date "2008.02.16"]
[Round "2"]
[White "Lichmann, Peter"]
[Black "Baramidze, David"]
[Result "1/2-1/2"]
[WhiteElo "2334"]
[BlackElo "2582"]
[EventDate "2008.02.15"]
[PlyCount "67"]

1. e4 c5 2. Nf3 d6 3. d4 cxd4 4. Nxd4 Nf6 5. Nc3 Nc6 6. Bc4 e6 7. Bb3 Be7 8. O-O Bd7 9. Kh1 Na5 10. f4 Qc7 11. f5 e5 12. Nde2 Nxb3 13. axb3 Bc6 14. Qd3 O-O 15. Bg5 Rfc8 16. Bxf6 Bxf6 17. Ng3 b5 18. b4 a5 19. bxa5 Rxa5 20. Rxa5 Qxa5 21. Nd5 Bxd5 22. exd5 Qb4 23. Ne4 Qxb2 24. c3 b4 25. Nxd6 Qxc3 26. Qa6 Rd8 27. Ne4 Qe3 28. Nxf6+ gxf6 29. Qxf6 Rxd5 30. Ra1 Qa7 31. Qg5+ Kh8 32. Qf6+ Kg8 33. Qg5+ Kh8 34. Qf6+ 1/2-1/2

[Event "GER-ch 79th"]
[Site "Bad Woerishofen "]
[Date "2008.02.16"]
[Round "2"]
[White "Namyslo, Holger"]
[Black "Siebrecht, Sebastian"]
[Result "0-1"]
[WhiteElo "2327"]
[BlackElo "2487"]
[EventDate "2008.02.15"]
[PlyCount "76"]

1. e4 c5 2. Nf3 b6 3. d4 cxd4 4. Nxd4 Bb7 5. Nc3 a6 6. Bd3 g6 7. O-O Bg7 8. Be3 d6 9. f4 Nd7 10. Qg4 Nc5 11. f5 Nf6 12. Qh4 b5 13. a3 O-O 14. Kh1 Re8 15. Nf3 Rc8 16. Rae1 Ncd7 17. fxg6 hxg6 18. Ng5 Ne5 19. Bd4 Nxd3 20. cxd3 e5 21. Be3 d5 22. exd5 Bxd5 23. Rf2 Bb3 24. Nce4 Nh5 25. g4 Nf4 26. Bxf4 exf4 27. Rxf4 Rc6 28. Ref1 Qd7 29. Qh7+ Kf8 30. Nxf7 Bxf7 31. Ng5 Qd5+ 32. R1f3 Rf6 33. Rxf6 Bxf6 34. Ne4 Rxe4 35. dxe4 Qxe4 36. Qh6+ Kg8 37. Qf4 Bd5 38. Qb8+ Kh7 0-1

[Event "GER-ch 79th"]
[Site "Bad Woerishofen "]
[Date "2008.02.16"]
[Round "2"]
[White "Neerforth, Philipp"]
[Black "Chevelevitch, Evgueni"]
[Result "1/2-1/2"]
[WhiteElo "2258"]
[BlackElo "2456"]
[EventDate "2008.02.15"]
[PlyCount "61"]

1. Nf3 Nf6 2. c4 g6 3. Nc3 Bg7 4. e4 d6 5. d4 O-O 6. Be2 e5 7. O-O Nc6 8. d5 Ne7 9. b4 Nh5 10. Re1 f5 11. Ng5 Nf6 12. Bf3 c6 13. b5 h6 14. Ne6 Bxe6 15. dxe6 fxe4 16. Nxe4 Nxe4 17. Bxe4 d5 18. cxd5 cxd5 19. Ba3 dxe4 20. Qxd8 Rfxd8 21. Bxe7 Re8 22. Bc5 Rxe6 23. Rxe4 a6 24. bxa6 Rexa6 25. a3 Rc8 26. Bb4 Rac6 27. Rd1 Rc1 28. Ree1 Rxd1 29. Rxd1 Bf6 30. Kf1 Rd8 31. Rxd8+ 1/2-1/2

[Event "GER-ch 79th"]
[Site "Bad Woerishofen "]
[Date "2008.02.16"]
[Round "2"]
[White "Riegler, Dieter"]
[Black "Pajeken, Wolfgang"]
[Result "1/2-1/2"]
[WhiteElo "2155"]
[BlackElo "2351"]
[EventDate "2008.02.15"]
[PlyCount "36"]

1. d4 Nf6 2. c4 c5 3. d5 e6 4. Nc3 exd5 5. cxd5 d6 6. e4 g6 7. Nf3 Bg7 8. h3 O-O 9. Bd3 Bd7 10. Bg5 b5 11. O-O c4 12. Bc2 a5 13. Re1 b4 14. Na4 Na6 15. Rc1 Rc8 16. Qd2 Nc5 17. Nxc5 Rxc5 18. Qf4 Bb5 1/2-1/2

[Event "GER-ch 79th"]
[Site "Bad Woerishofen "]
[Date "2008.02.16"]
[Round "2"]
[White "Rotstein, Arkadij"]
[Black "Sieber, Patrick"]
[Result "1-0"]
[WhiteElo "2548"]
[BlackElo "2236"]
[EventDate "2008.02.15"]
[PlyCount "137"]

1. Nf3 f5 2. g3 Nf6 3. Bg2 g6 4. b4 Bg7 5. Bb2 O-O 6. O-O d6 7. d4 c6 8. c4 Na6 9. Qb3 Nc7 10. Nbd2 Kh8 11. e3 Be6 12. a4 Qe8 13. Qc2 h6 14. Ne1 g5 15. Nd3 Rc8 16. Nb3 Qf7 17. Na5 Ne4 18. Rac1 b5 19. c5 bxa4 20. Qxa4 Nd5 21. cxd6 exd6 22. Nxc6 Rc7 23. b5 Nb6 24. Qb4 Rfc8 25. f3 Nf6 26. e4 Bc4 27. Rfd1 fxe4 28. fxe4 Ng4 29. Bh3 Ne3 30. Re1 g4 31. Rxe3 gxh3 32. Rf1 Qe8 33. Rfe1 a6 34. d5 Bxb5 35. Bxg7+ Rxg7 36. Qxd6 Rg6 37. Qe5+ Kh7 38. Qxe8 Rxe8 39. Nf4 Rg7 40. Nd4 Nc4 41. Rc3 Rge7 42. Nfe6 Ne5 43. Rec1 Bd3 44. Nc5 Bb5 45. Nf5 Ra7 46. Ne6 Bd3 47. Rc7+ Rxc7 48. Rxc7+ Kh8 49. Nf4 Bxe4 50. Nd6 Nf3+ 51. Kf2 Nxh2 52. Nxe4 Rxe4 53. Nxh3 Rd4 54. Nf4 Ng4+ 55. Kf3 h5 56. Nxh5 Ne5+ 57. Ke3 Rc4 58. d6 Rxc7 59. dxc7 Nc4+ 60. Kd4 Nb6 61. Kc5 Nc8 62. Kc6 a5 63. Kb5 Kg8 64. Kxa5 Kf7 65. Ka6 Nd6 66. Ka7 Ke7 67. Kb8 Kd7 68. Nf6+ Ke6 69. Ne4 1-0

[Event "GER-ch 79th"]
[Site "Bad Woerishofen "]
[Date "2008.02.16"]
[Round "2"]
[White "Schuetze, Norman"]
[Black "Hausrath, Daniel"]
[Result "1-0"]
[WhiteElo "2317"]
[BlackElo "2507"]
[EventDate "2008.02.15"]
[PlyCount "113"]

1. e4 g6 2. d4 Bg7 3. Nc3 d6 4. h3 a6 5. a4 b6 6. Nf3 Nd7 7. Bc4 e6 8. Bg5 Ne7 9. Qd2 h6 10. Bf4 Nf6 11. O-O d5 12. exd5 exd5 13. Bd3 g5 14. Bh2 O-O 15. Ne5 c5 16. dxc5 bxc5 17. Rad1 Qb6 18. a5 Qb4 19. b3 Bb7 20. Na4 Qxd2 21. Rxd2 Rac8 22. f4 gxf4 23. Bxf4 Nh5 24. Bh2 Ng6 25. Bxg6 fxg6 26. Rxf8+ Bxf8 27. Nxg6 c4 28. Nxf8 cxb3 29. cxb3 Rc1+ 30. Kf2 Kxf8 31. Nc5 Bc6 32. Nxa6 Nf6 33. Ra2 Ne4+ 34. Ke3 Re1+ 35. Kd4 Rd1+ 36. Ke5 Re1 37. Rc2 Bb7 38. Nc7 Nc5+ 39. Kd6 Ne4+ 40. Kd7 Ra1 41. b4 Kf7 42. Nb5 Ba6 43. Nd6+ Nxd6 44. Bxd6 Bb5+ 45. Kc7 Ke6 46. Bf8 h5 47. Kb6 Bc4 48. Bg7 Ra3 49. b5 Rg3 50. Bd4 Rg8 51. a6 Kf5 52. Ka5 Ke4 53. Rd2 Bd3 54. b6 Kxd4 55. b7 Kc3 56. Rxd3+ Kxd3 57. a7 1-0

[Event "GER-ch 79th"]
[Site "Bad Woerishofen "]
[Date "2008.02.16"]
[Round "2"]
[White "Tischbierek, Raj"]
[Black "Kachiani Gersinska, Ketino"]
[Result "1-0"]
[WhiteElo "2487"]
[BlackElo "2395"]
[EventDate "2008.02.15"]
[PlyCount "159"]

1. g3 Nf6 2. Bg2 d5 3. Nf3 Bf5 4. O-O e6 5. d3 Be7 6. c4 c6 7. Nc3 Nbd7 8. Be3 O-O 9. Qb3 Ng4 10. Bd2 Nc5 11. Qd1 d4 12. Nb1 a5 13. h3 Nf6 14. Na3 Na6 15. Nc2 Bc5 16. a3 a4 17. Bf4 Bb6 18. Be5 c5 19. Nh4 Bc7 20. Bxc7 Qxc7 21. e4 dxe3 22. Nxe3 Bg6 23. Nxg6 hxg6 24. Qxa4 Nb4 25. Qb3 Nc6 26. Nc2 Rfd8 27. Rfd1 Rd6 28. Qc3 Rad8 29. b4 b6 30. bxc5 bxc5 31. a4 Qa5 32. Qxa5 Nxa5 33. Rab1 Nxc4 34. Rb5 Ra6 35. Ra1 Ne5 36. Rxc5 Nxd3 37. Rc3 Nb2 38. a5 Nd5 39. Rb3 Nc4 40. Bf1 Nd2 41. Bxa6 Nxb3 42. Ra3 Nc5 43. Bb5 Nc7 44. Bf1 N7a6 45. h4 Kf8 46. Ne3 Ke7 47. Ra2 Rb8 48. Nc4 Rb1 49. Kg2 Nb4 50. Rb2 Rxb2 51. Nxb2 Kd6 52. Kf3 Nb3 53. Nc4+ Kc5 54. Ne5 f6 55. a6 Nxa6 56. Bxa6 fxe5 57. Kg4 Kd6 58. Kg5 Ke7 59. Kxg6 Kf8 60. Bd3 Nc5 61. Bb1 Nd7 62. f3 Kg8 63. Kg5 Kf7 64. Bg6+ Ke7 65. h5 Kf8 66. h6 gxh6+ 67. Kxh6 Nf6 68. g4 Ng8+ 69. Kh7 Nf6+ 70. Kh8 Nd5 71. g5 Nf4 72. Kh7 Nh3 73. Kh6 e4 74. Bxe4 Nf2 75. Kh7 Nh3 76. g6 Ng5+ 77. Kh8 Ke7 78. g7 Nf7+ 79. Kh7 Ng5+ 80. Kg6 1-0

[Event "GER-ch 79th"]
[Site "Bad Woerishofen "]
[Date "2008.02.16"]
[Round "2"]
[White "Wehner, Janis"]
[Black "Bischoff, Klaus"]
[Result "0-1"]
[WhiteElo "2184"]
[BlackElo "2537"]
[EventDate "2008.02.15"]
[PlyCount "62"]

1. e4 c5 2. Nf3 d6 3. d4 cxd4 4. Nxd4 Nf6 5. Nc3 e6 6. Be3 Be7 7. f3 O-O 8. Qd2 Nc6 9. O-O-O a6 10. Kb1 Nd7 11. g4 Nxd4 12. Bxd4 b5 13. Rg1 Qc7 14. g5 Rb8 15. h4 b4 16. Ne2 Ne5 17. Qe3 Nc4 18. Qc1 e5 19. Bf2 Be6 20. b3 Na3+ 21. Kb2 Rfc8 22. c4 a5 23. Ng3 g6 24. Bd3 a4 25. Nf5 Bf8 26. Ne3 Ra8 27. Qd2 axb3 28. axb3 Qa7 29. Bb1 Nxc4+ 30. Nxc4 Qa1+ 31. Kc2 d5 0-1

[Event "GER-ch 79th"]
[Site "Bad Woerishofen "]
[Date "2008.02.16"]
[Round "2"]
[White "Zude, Arno"]
[Black "Gschwendtner, Michael"]
[Result "1/2-1/2"]
[WhiteElo "2452"]
[BlackElo "2301"]
[EventDate "2008.02.15"]
[PlyCount "95"]

1. e4 c6 2. c4 d5 3. cxd5 cxd5 4. exd5 Nf6 5. Nc3 Nxd5 6. Nf3 Nc6 7. Bb5 Nxc3 8. bxc3 Qd5 9. Qe2 Bg4 10. d4 O-O-O 11. Rb1 e5 12. Bxc6 Qxc6 13. Nxe5 Qxc3+ 14. Bd2 Bxe2 15. Bxc3 Bh5 16. O-O Bd6 17. Rfc1 b6 18. a4 Kb7 19. a5 Bxe5 20. dxe5 Rd5 21. Bb4 Rxe5 22. axb6 axb6 23. Bd6 Rd5 24. Bc5 Rd1+ 25. Rxd1 Bxd1 26. Bxb6 Bc2 27. Rb2 Be4 28. f3 Bd5 29. Bd4+ Kc6 30. Rc2+ Kd6 31. Bxg7 Rg8 32. Bh6 Bxf3 33. Bf4+ Ke6 34. g3 Ra8 35. Kf2 Bd5 36. Re2+ Kf6 37. Re5 Be6 38. Rh5 Kg6 39. Rg5+ Kf6 40. Rh5 Kg7 41. h3 f6 42. g4 Ra3 43. Be3 Kg6 44. Kf3 Bd7 45. Rc5 Rb3 46. Kf4 Rb4+ 47. Kg3 Rb3 48. Kf4 1/2-1/2

[Event "GER-ch 79th"]
[Site "Bad Woerishofen "]
[Date "2008.02.17"]
[Round "3"]
[White "Baramidze, David"]
[Black "Schuetze, Norman"]
[Result "1/2-1/2"]
[WhiteElo "2582"]
[BlackElo "2317"]
[EventDate "2008.02.15"]
[PlyCount "79"]

1. e4 c5 2. Nf3 d6 3. d4 cxd4 4. Nxd4 Nf6 5. Nc3 a6 6. Be3 e6 7. g4 e5 8. Nf5 g6 9. g5 gxf5 10. exf5 d5 11. gxf6 Bb4 12. Qf3 Qc7 13. O-O-O Bxc3 14. bxc3 Nd7 15. Bh6 b5 16. Bg7 Rg8 17. c4 bxc4 18. Qxd5 Bb7 19. Qxc4 Rc8 20. Qxc7 Rxc7 21. Rg1 Be4 22. Bd3 Bxd3 23. Rxd3 Kd8 24. Rd6 Kc8 25. Rg4 Nc5 26. Rh4 e4 27. Rxh7 Nd3+ 28. Kd2 Nxf2 29. Rh8 Rxh8 30. Bxh8 Ng4 31. h4 Rc5 32. Rd4 e3+ 33. Kd3 Re5 34. Ke2 Nh6 35. Ke1 Nxf5 36. Rg4 e2 37. Rg5 Kd7 38. h5 Ke6 39. c3 Re3 40. Rg1 1/2-1/2

[Event "GER-ch 79th"]
[Site "Bad Woerishofen "]
[Date "2008.02.17"]
[Round "3"]
[White "Bischoff, Klaus"]
[Black "Kritz, Leonid"]
[Result "1/2-1/2"]
[WhiteElo "2537"]
[BlackElo "2592"]
[EventDate "2008.02.15"]
[PlyCount "49"]

1. Nf3 d5 2. e3 Nf6 3. b3 Bg4 4. Bb2 Nbd7 5. d3 e5 6. h3 Bxf3 7. Qxf3 c6 8. Nd2 Bd6 9. Qe2 Qe7 10. a3 e4 11. g3 Be5 12. d4 Bd6 13. c4 O-O 14. cxd5 cxd5 15. Nb1 Rac8 16. Qd2 h6 17. Be2 a6 18. Nc3 Qe6 19. Kf1 Nh7 20. Kg2 f5 21. h4 g5 22. hxg5 hxg5 23. Rag1 g4 24. Na4 Ndf6 25. Rh6 1/2-1/2

[Event "GER-ch 79th"]
[Site "Bad Woerishofen "]
[Date "2008.02.17"]
[Round "3"]
[White "Chevelevitch, Evgueni"]
[Black "Wehner, Janis"]
[Result "1-0"]
[WhiteElo "2456"]
[BlackElo "2184"]
[EventDate "2008.02.15"]
[PlyCount "71"]

1. e4 c5 2. Nf3 d6 3. d4 cxd4 4. Nxd4 Nf6 5. Nc3 a6 6. Be2 e5 7. Nb3 Be7 8. O-O Be6 9. f4 Qc7 10. Kh1 Nbd7 11. g4 Nb6 12. g5 Nfd7 13. f5 Bc4 14. a4 a5 15. Be3 Qc6 16. Nd2 Bxe2 17. Qxe2 d5 18. exd5 Nxd5 19. Nxd5 Qxd5+ 20. Qg2 Qxg2+ 21. Kxg2 f6 22. h4 Rc8 23. c3 Bc5 24. Kf3 Ke7 25. Ne4 Bxe3 26. Kxe3 Nc5 27. gxf6+ gxf6 28. Nxc5 Rxc5 29. Rg1 Kf7 30. Rad1 Rc7 31. Rd6 Ke7 32. Re6+ Kf7 33. h5 Rc6 34. h6 Rg8 35. Rxg8 Kxg8 36. Rxc6 1-0

[Event "GER-ch 79th"]
[Site "Bad Woerishofen "]
[Date "2008.02.17"]
[Round "3"]
[White "Graf, Felix"]
[Black "Henrichs, Thomas"]
[Result "0-1"]
[WhiteElo "2177"]
[BlackElo "2481"]
[EventDate "2008.02.15"]
[PlyCount "124"]

1. d4 Nf6 2. c4 e6 3. Nf3 d5 4. Nc3 c6 5. Bg5 h6 6. Bh4 dxc4 7. e4 b5 8. e5 g5 9. exf6 gxh4 10. Ne5 Qxf6 11. a4 c5 12. Ng4 Qe7 13. Ne4 Bg7 14. Qf3 Bb7 15. dxc5 O-O 16. Ngf6+ Kh8 17. axb5 Bxe4 18. Nxe4 Nd7 19. Bxc4 f5 20. Nd2 Qxc5 21. O-O Ne5 22. Qe2 h3 23. g3 Rad8 24. Rad1 Rxd2 25. Rxd2 Qxc4 26. Qxc4 Nxc4 27. Rd7 Ne5 28. Rxa7 Nf3+ 29. Kh1 Bd4 30. Ra3 Ne5 31. Ra4 Bb6 32. Rh4 Ng4 33. Rxh3 Kg7 34. Rh4 Nxf2+ 35. Kg2 Ng4 36. Re1 Bd8 37. Rxg4+ fxg4 38. Rxe6 Rf5 39. Re4 h5 40. h3 gxh3+ 41. Kxh3 Rxb5 42. b4 Bf6 43. Rc4 Kg6 44. Rf4 Rb6 45. Rc4 Rd6 46. Rc5 Rd3 47. Kg2 Be7 48. Rc6+ Kf5 49. b5 Bd6 50. b6 Be5 51. Rh6 Kg5 52. Re6 Rxg3+ 53. Kf2 Bf4 54. Re7 Rb3 55. b7 Kg4 56. Rg7+ Bg5 57. Kg2 Rb2+ 58. Kh1 h4 59. Kg1 h3 60. Kh1 Kh4 61. Rf7 Kg3 62. Rf1 Rh2+ 0-1

[Event "GER-ch 79th"]
[Site "Bad Woerishofen "]
[Date "2008.02.17"]
[Round "3"]
[White "Grimberg, Boris"]
[Black "Hausrath, Daniel"]
[Result "0-1"]
[WhiteElo "2261"]
[BlackElo "2507"]
[EventDate "2008.02.15"]
[PlyCount "60"]

1. e4 c5 2. Nf3 Nc6 3. d4 cxd4 4. c3 d3 5. Bxd3 d6 6. O-O g6 7. Qe2 Bg7 8. Rd1 Qc7 9. Na3 Nf6 10. h3 O-O 11. Bf4 Nd7 12. Nc4 Nc5 13. Bc2 b6 14. e5 d5 15. Rxd5 Ba6 16. b4 Ne6 17. Qe4 Nxb4 18. cxb4 Qxc4 19. Be3 Qxe4 20. Bxe4 Bb7 21. a4 Rac8 22. b5 Rc4 23. Rd4 Nxd4 24. Bxb7 Nxf3+ 25. gxf3 Bxe5 26. Rd1 Rxa4 27. Rd7 e6 28. Ba6 Bf4 29. Bd4 e5 30. Bb2 Re8 0-1

[Event "GER-ch 79th"]
[Site "Bad Woerishofen "]
[Date "2008.02.17"]
[Round "3"]
[White "Gschwendtner, Michael"]
[Black "Kachiani Gersinska, Ketino"]
[Result "1/2-1/2"]
[WhiteElo "2301"]
[BlackElo "2395"]
[EventDate "2008.02.15"]
[PlyCount "39"]

1. e4 c6 2. c4 d5 3. cxd5 cxd5 4. exd5 Nf6 5. Nc3 Nxd5 6. Nf3 Nc6 7. Bb5 e6 8. O-O Be7 9. Ne5 Bd7 10. Nxd7 Qxd7 11. d4 O-O 12. Qf3 Rfd8 13. Nxd5 Qxd5 14. Qxd5 Rxd5 15. Bxc6 bxc6 16. Be3 Bf6 17. Rac1 Bxd4 18. Bxd4 Rxd4 19. Rxc6 Rd2 20. Rb1 1/2-1/2

[Event "GER-ch 79th"]
[Site "Bad Woerishofen "]
[Date "2008.02.17"]
[Round "3"]
[White "Gustafsson, Jan"]
[Black "Lichmann, Peter"]
[Result "1-0"]
[WhiteElo "2607"]
[BlackElo "2334"]
[EventDate "2008.02.15"]
[PlyCount "105"]

1. d4 Nf6 2. c4 c5 3. Nf3 g6 4. Nc3 cxd4 5. Nxd4 Bg7 6. e4 d6 7. Be2 O-O 8. O-O Nc6 9. Nc2 Be6 10. Rb1 a6 11. Be3 Rc8 12. b3 Qa5 13. Bd2 Qd8 14. Kh1 Nd7 15. Nd5 Nc5 16. f3 Bxd5 17. exd5 Nd4 18. Nxd4 Bxd4 19. Bh6 Bg7 20. Bxg7 Kxg7 21. Qd4+ Kg8 22. Rfe1 Re8 23. f4 e5 24. dxe6 Nxe6 25. Qd2 Nc5 26. Bf3 Qb6 27. h4 a5 28. Rbd1 Rxe1+ 29. Qxe1 Qd8 30. g3 b6 31. Qd2 Qd7 32. Kg2 Rd8 33. h5 Qe7 34. Qc3 Nd7 35. Qd4 Nc5 36. Kf2 Re8 37. Kg2 Rd8 38. h6 f6 39. Bd5+ Kh8 40. Re1 Qf8 41. g4 Nd7 42. g5 Re8 43. Be6 Ne5 44. Bh3 Nd7 45. Rxe8 Qxe8 46. Bxd7 Qxd7 47. Qxf6+ Kg8 48. Kf2 Qc7 49. Qd4 a4 50. bxa4 Qd7 51. Qf6 Qc7 52. Ke3 Qc5+ 53. Ke4 1-0

[Event "GER-ch 79th"]
[Site "Bad Woerishofen "]
[Date "2008.02.17"]
[Round "3"]
[White "Huschenbeth, Niclas"]
[Black "Fridman, Daniel"]
[Result "0-1"]
[WhiteElo "2437"]
[BlackElo "2628"]
[EventDate "2008.02.15"]
[PlyCount "76"]

1. e4 g6 2. d4 Bg7 3. Nc3 c6 4. f4 d5 5. e5 h5 6. Nf3 Nh6 7. Be3 Bg4 8. h3 Bxf3 9. Qxf3 e6 10. g3 Nd7 11. Bf2 f5 12. exf6 Qxf6 13. Bg2 O-O 14. O-O-O h4 15. Ne2 hxg3 16. Qxg3 e5 17. dxe5 Nxe5 18. Bd4 Nf5 19. fxe5 Nxg3 20. exf6 Nxe2+ 21. Kb1 Nxd4 22. fxg7 Rf4 23. c4 dxc4 24. Rhe1 Rd8 25. Re7 Rf7 26. Re4 c5 27. Re5 Kxg7 28. Rxc5 Ne6 29. Rcd5 Rxd5 30. Bxd5 Rd7 31. Bf3 Rxd1+ 32. Bxd1 Nf4 33. h4 b5 34. Kc2 b4 35. Bg4 Kf6 36. a3 b3+ 37. Kc3 Nd5+ 38. Kd4 c3 0-1

[Event "GER-ch 79th"]
[Site "Bad Woerishofen "]
[Date "2008.02.17"]
[Round "3"]
[White "Jorczik, Julian Marcel"]
[Black "Kunin, Vitaly L"]
[Result "0-1"]
[WhiteElo "2286"]
[BlackElo "2538"]
[EventDate "2008.02.15"]
[PlyCount "92"]

1. d4 Nf6 2. c4 e6 3. Nf3 Bb4+ 4. Nbd2 b6 5. a3 Bxd2+ 6. Qxd2 Bb7 7. g3 d5 8. cxd5 Bxd5 9. Bg2 Nc6 10. b4 Rc8 11. Bb2 Ne4 12. Qd3 Nd6 13. O-O Be4 14. Qe3 O-O 15. d5 Bxd5 16. Qc3 f6 17. Rfd1 Ne7 18. Ng5 h6 19. e4 hxg5 20. exd5 Nxd5 21. Bxd5 exd5 22. Rxd5 Qd7 23. Rad1 Rfe8 24. b5 Re2 25. a4 Qh3 26. Rf1 Rce8 27. Rdd1 Nf5 28. Bc1 Kh8 29. Qxc7 Nh6 30. Qb7 Ng4 31. Qg2 Qh5 32. Rd3 Re1 33. h3 Nh6 34. Be3 Re2 35. g4 Qg6 36. Rfd1 Nf7 37. R3d2 R8xe3 38. Rd7 Re7 39. Qa8+ Kh7 40. Qxa7 Re1+ 41. Kh2 Rxd7 42. Rxd7 Qe4 43. Qb7 Qf4+ 44. Kg2 Re2 45. Qxb6 Ne5 46. Rd1 Qf3+ 0-1

[Event "GER-ch 79th"]
[Site "Bad Woerishofen "]
[Date "2008.02.17"]
[Round "3"]
[White "Kesten, Sebastian"]
[Black "Namyslo, Holger"]
[Result "1/2-1/2"]
[WhiteElo "2048"]
[BlackElo "2327"]
[EventDate "2008.02.15"]
[PlyCount "109"]

1. d4 e6 2. c4 d5 3. Nc3 c6 4. cxd5 exd5 5. Qc2 Nf6 6. Bg5 Be7 7. e3 Nbd7 8. Bd3 O-O 9. Nge2 Re8 10. O-O Nf8 11. Rad1 g6 12. f3 Ne6 13. Bh4 Nh5 14. Bf2 Bd6 15. Ng3 Nxg3 16. Bxg3 Bxg3 17. hxg3 Ng7 18. Qf2 a6 19. e4 Be6 20. Bc2 Qc7 21. exd5 cxd5 22. Bb3 Rad8 23. Rfe1 b5 24. g4 h5 25. gxh5 Nxh5 26. Bxd5 b4 27. Bxe6 bxc3 28. Bb3 cxb2 29. Qxb2 Nf4 30. Qd2 Qd6 31. Bc4 Qf6 32. Rxe8+ Rxe8 33. g3 Nh3+ 34. Kg2 Ng5 35. Qf4 Qxf4 36. gxf4 Ne6 37. Bxa6 Nxf4+ 38. Kf2 Rd8 39. Bc4 Kg7 40. Ke3 g5 41. d5 Kf6 42. Kd4 Ne6+ 43. Kc3 Ng7 44. Re1 Nf5 45. a4 Rc8 46. Kb4 Nd4 47. Re4 Nxf3 48. Bb5 Ne5 49. a5 g4 50. d6 g3 51. d7 Rg8 52. Re2 Nxd7 53. Bxd7 g2 54. Rxg2 Rxg2 55. a6 1/2-1/2

[Event "GER-ch 79th"]
[Site "Bad Woerishofen "]
[Date "2008.02.17"]
[Round "3"]
[White "Levin, Felix"]
[Black "Gschnitzer, Oswald"]
[Result "0-1"]
[WhiteElo "2563"]
[BlackElo "2408"]
[EventDate "2008.02.15"]
[PlyCount "104"]

1. d4 Nf6 2. c4 e6 3. Nf3 b6 4. a3 Ba6 5. Qb3 Nc6 6. Qa4 Bb7 7. Nc3 Ne7 8. Bg5 Ne4 9. Nxe4 Bxe4 10. e3 h6 11. Bf4 Ng6 12. Bg3 Be7 13. O-O-O O-O 14. d5 b5 15. cxb5 exd5 16. Nd2 Bf5 17. Nb3 Be6 18. Qa5 Bf6 19. Kb1 Ne5 20. Nd4 c5 21. Qxd8 Rfxd8 22. Nb3 Rac8 23. Na5 Rb8 24. a4 Rb6 25. e4 dxe4 26. Bxe5 Bxe5 27. Nc6 Bb3 28. Be2 Bxd1 29. Rxd1 Rxc6 30. bxc6 d5 31. Bc4 d4 32. Re1 d3 33. Rxe4 d2 34. Be2 d1=Q+ 35. Bxd1 Rxd1+ 36. Kc2 Rd5 37. f4 Bd6 38. Re8+ Kh7 39. Rd8 Rd4 40. g3 Bc7 41. Rc8 Bb6 42. c7 Kg6 43. Ra8 Bxc7 44. Rxa7 Bd8 45. a5 Ra4 46. a6 Bf6 47. b3 Ra2+ 48. Kd3 Kf5 49. Kc4 Ra5 50. Ra8 Kg4 51. Kd5 Kh3 52. Kc6 Bd4 0-1

[Event "GER-ch 79th"]
[Site "Bad Woerishofen "]
[Date "2008.02.17"]
[Round "3"]
[White "Markgraf, Alexander"]
[Black "Neerforth, Philipp"]
[Result "1-0"]
[WhiteElo "2442"]
[BlackElo "2258"]
[EventDate "2008.02.15"]
[PlyCount "45"]

1. e4 c5 2. Nf3 d6 3. d4 cxd4 4. Nxd4 Nf6 5. Nc3 g6 6. Be3 Bg7 7. f3 O-O 8. Qd2 Nc6 9. Bc4 Bd7 10. O-O-O Rc8 11. Bb3 Nxd4 12. Bxd4 b5 13. Bxa7 b4 14. Nd5 Nxd5 15. exd5 Qa5 16. Qe3 Bf5 17. Rd2 Bxb2+ 18. Kxb2 Rc3 19. Qxe7 Rc7 20. Qxd6 Rxa7 21. g4 Rfa8 22. gxf5 Ra6 23. Qe5 1-0

[Event "GER-ch 79th"]
[Site "Bad Woerishofen "]
[Date "2008.02.17"]
[Round "3"]
[White "Meister, Jakob [RUS]"]
[Black "Buhmann, Rainer"]
[Result "1/2-1/2"]
[WhiteElo "2491"]
[BlackElo "2570"]
[EventDate "2008.02.15"]
[PlyCount "125"]

1. e4 e6 2. d4 d5 3. Nc3 Nf6 4. Bg5 dxe4 5. Nxe4 Nbd7 6. Nxf6+ Nxf6 7. Nf3 c5 8. Bb5+ Bd7 9. Bxd7+ Qxd7 10. Bxf6 gxf6 11. c3 cxd4 12. Qxd4 Qxd4 13. Nxd4 Bc5 14. Nb3 Bb6 15. Ke2 Ke7 16. Rhd1 Rhg8 17. g3 Rad8 18. Rxd8 Rxd8 19. c4 Bd4 20. Nxd4 Rxd4 21. Rc1 f5 22. Rc3 Re4+ 23. Kd3 Kd6 24. Rc1 e5 25. b4 Rd4+ 26. Kc3 f4 27. Rc2 Re4 28. Rd2+ Ke6 29. c5 f3 30. Rd6+ Ke7 31. Rd3 Re2 32. Rxf3 Rxa2 33. Kb3 Rd2 34. b5 Rd5 35. Rc3 h5 36. Rc2 Rd3+ 37. Kb4 Kd7 38. Ra2 Rd4+ 39. Kc3 Rd5 40. Rxa7 Rxc5+ 41. Kb4 Rc2 42. Rxb7+ Ke6 43. Rb6+ Kf5 44. Rh6 Rxf2 45. Rxh5+ Ke4 46. Kc3 Kd5 47. Rh6 Rf3+ 48. Kd2 Rb3 49. b6 f5 50. Kc2 Rb5 51. h4 Ke4 52. Re6 Kf3 53. h5 e4 54. h6 Rc5+ 55. Kd2 Rd5+ 56. Kc3 e3 57. Kc4 Rd8 58. Kc5 e2 59. b7 Rh8 60. Kb5 Kf2 61. Ka6 Rxh6 62. Rxh6 e1=Q 63. Rc6 1/2-1/2

[Event "GER-ch 79th"]
[Site "Bad Woerishofen "]
[Date "2008.02.17"]
[Round "3"]
[White "Naumann, Alexander"]
[Black "Solonar, Stefan"]
[Result "1-0"]
[WhiteElo "2541"]
[BlackElo "2371"]
[EventDate "2008.02.15"]
[PlyCount "113"]

1. d4 f5 2. g3 Nf6 3. Bg2 g6 4. c3 Bg7 5. Qb3 Nc6 6. Nh3 e6 7. Nd2 d5 8. Nf4 g5 9. Nd3 O-O 10. Nf3 Ne4 11. Be3 Na5 12. Qc2 Nc4 13. Bc1 Bd7 14. b3 Ncd6 15. Nfe5 Nf7 16. Nxf7 Rxf7 17. f3 Nd6 18. Ne5 Rf8 19. Nxd7 Qxd7 20. Bxg5 c5 21. e3 Rac8 22. Qd2 cxd4 23. cxd4 Nf7 24. Bf4 e5 25. dxe5 Nxe5 26. O-O Ng6 27. Rad1 Nxf4 28. exf4 d4 29. Rfe1 Rfe8 30. Bf1 Rxe1 31. Rxe1 Rc3 32. Bd3 b5 33. Qe2 a6 34. Kg2 Kf7 35. g4 fxg4 36. fxg4 h6 37. h3 Qc6+ 38. Qe4 Qxe4+ 39. Bxe4 Bf6 40. Rd1 Re3 41. Bd3 Ke6 42. a4 Kd5 43. axb5 axb5 44. Bxb5 Rxb3 45. Bd3 Bh4 46. Rd2 Ra3 47. Kf3 Rc3 48. Rd1 Ra3 49. g5 h5 50. g6 Bf6 51. Rd2 Rc3 52. Ke2 Rc7 53. Ra2 Re7+ 54. Kd2 Rc7 55. Ra6 Bg7 56. f5 Bh6+ 57. Kd1 1-0

[Event "GER-ch 79th"]
[Site "Bad Woerishofen "]
[Date "2008.02.17"]
[Round "3"]
[White "Pajeken, Wolfgang"]
[Black "Rotstein, Arkadij"]
[Result "0-1"]
[WhiteElo "2351"]
[BlackElo "2548"]
[EventDate "2008.02.15"]
[PlyCount "62"]

1. Nf3 Nf6 2. c4 b6 3. g3 Bb7 4. Bg2 c5 5. Nc3 g6 6. b3 Bg7 7. Bb2 O-O 8. O-O Na6 9. d4 d5 10. dxc5 Nxc5 11. Nxd5 Nxd5 12. Bxg7 Kxg7 13. cxd5 Qxd5 14. Qxd5 Bxd5 15. Rfd1 e6 16. Ne5 Bxg2 17. Kxg2 Rfd8 18. Rac1 f6 19. Nc6 Rdc8 20. Rd6 Rc7 21. Nd4 Re7 22. b4 e5 23. Nc6 Ne4 24. Nxe7 Nxd6 25. Rc7 Nb5 26. Rb7 Kf7 27. Nd5+ Ke6 28. e4 f5 29. Nxb6 axb6 30. Rxb6+ Nd6 31. exf5+ gxf5 0-1

[Event "GER-ch 79th"]
[Site "Bad Woerishofen "]
[Date "2008.02.17"]
[Round "3"]
[White "Reuss, Andreas"]
[Black "Goy, Udo"]
[Result "1-0"]
[WhiteElo "2326"]
[BlackElo "2282"]
[EventDate "2008.02.15"]
[PlyCount "55"]

1. e4 c6 2. d4 g6 3. c4 Bg7 4. Nc3 d6 5. h3 e5 6. d5 Nf6 7. Bg5 h6 8. Be3 cxd5 9. cxd5 O-O 10. Qd2 Kh7 11. g4 Nxe4 12. Nxe4 f5 13. gxf5 gxf5 14. Nc3 f4 15. Qc2+ Bf5 16. Bd3 fxe3 17. Bxf5+ Kh8 18. Nf3 exf2+ 19. Kf1 Na6 20. Rh2 Qf6 21. Be4 Nc5 22. Rxf2 Rac8 23. Qe2 Qf4 24. Ng1 Qg5 25. Qg4 Qe3 26. Bf5 Rc7 27. Re1 Qd4 28. Nb5 1-0

[Event "GER-ch 79th"]
[Site "Bad Woerishofen "]
[Date "2008.02.17"]
[Round "3"]
[White "Schlenker, Joerg"]
[Black "Zude, Arno"]
[Result "1/2-1/2"]
[WhiteElo "2297"]
[BlackElo "2452"]
[EventDate "2008.02.15"]
[PlyCount "124"]

1. d4 Nf6 2. Nc3 d5 3. Bg5 c5 4. Bxf6 gxf6 5. e4 dxe4 6. d5 f5 7. Qh5 Bg7 8. O-O-O Qd6 9. Bb5+ Kf8 10. a4 a6 11. Be2 Nd7 12. f3 Qf4+ 13. Kb1 Nf6 14. Qh3 Bd7 15. Qg3 Qxg3 16. hxg3 Ne8 17. g4 exf3 18. Nxf3 fxg4 19. Ng5 Bxc3 20. bxc3 Nd6 21. Rdf1 Kg7 22. Rf4 f5 23. Bd3 Raf8 24. Re1 Kg6 25. Rxg4 h5 26. Rg3 h4 27. Nf3+ hxg3 28. Ne5+ Kg5 29. Nxd7 Re8 30. Nxc5 Rh2 31. Ne6+ Kf6 32. Nf4 Kg5 33. Ne6+ Kf6 34. Nf4 e5 35. dxe6 Kg5 36. Rf1 Ne4 37. Bxe4 fxe4 38. Kc1 Kg4 39. Kd2 Rh6 40. Nd5 Rd8 41. c4 Rxe6 42. Ke3 Rc8 43. Kd4 Kg5 44. Rf7 Rec6 45. Ne3 R6c7 46. Rf5+ Kg6 47. Rf4 Rc5 48. Rxe4 Ra5 49. Nd5 Rd8 50. Re6+ Kf7 51. Re7+ Kf8 52. Rxb7 Rxa4 53. Rb3 Ra2 54. Rf3+ Ke8 55. Re3+ Kf7 56. Rf3+ Ke6 57. Rxg3 Rxc2 58. Rg6+ Kf5 59. Rxa6 Rxg2 60. Rf6+ Kg5 61. Rf7 Kg6 62. Rc7 Rc2 1/2-1/2